000 00817nam a2200253Ia 4500
003 OSt
005 20220923214529.0
006 a|||||r|||| 00| 0
007 ta
008 220922b |||||||| |||| 00| 0 hin d
024 _a170,427
037 _cTextual
040 _aARTS
_cARTS
_bhin
041 _2hin
_ahin
082 _aO152,3N031,PA, L3
100 _aवर्मा, भगवतीचरण
245 0 _aप्रश्न और मरीचिका
246 _aPrashna aur marīchikā
260 _aदिल्ली
_b राजकमल प्रका0
_c1973
300 _a554पृ.
_ccm.
650 _aहिन्दी साहित्य
_9156264
942 _hO152,3N031,PA, L3
_cTEXL
_2CC
999 _c324724
_d324724